| 000 | 00696nam a2200229 i 4500 | ||
|---|---|---|---|
| 001 | 18482 | ||
| 003 | ES-MaACL | ||
| 005 | 20230906151840.0 | ||
| 007 | t| | ||
| 008 | 011107s2001 sp ||||1| spa d | ||
| 020 | _a84-8432-241-6 | ||
| 080 | _a165 | ||
| 100 | 1 |
_aEstany, Anna. _948009 |
|
| 245 | 1 | 3 |
_aLa fascinación por el saber _b: introducción a la teoría del conocimiento / _cAnna Estany. |
| 260 |
_aBarcelona : _bCrítica, _c[2001] |
||
| 300 |
_a229 p. ; _c21 cm. |
||
| 490 | 1 | _aNuevos instrumentos universitarios | |
| 650 | 4 |
_aEpistemología. _912338 |
|
| 830 | 0 |
_aNuevos instrumentos universitarios _9228804 |
|
| 852 |
_aES-MaACL _jL-25103 _bR.130630 |
||
| 999 |
_c18482 _d18482 |
||